|
|
|
|
| LEADER |
01593cas a2200241 a 4500 |
| 001 |
AALejournalIMF009285 |
| 008 |
230101c9999 xx r poo 0 0eng d |
| 020 |
|
|
|c 5.00 USD
|
| 020 |
|
|
|z 9781451815078
|
| 022 |
|
|
|a 1934-7685
|
| 040 |
|
|
|a BD-DhAAL
|c BD-DhAAL
|
| 110 |
2 |
|
|a International Monetary Fund.
|
| 245 |
1 |
0 |
|a Gibraltar :
|b Detailed Assessment Report of Observance of the Insurance Core Principles.
|
| 264 |
|
1 |
|a Washington, D.C. :
|b International Monetary Fund,
|c 2007.
|
| 300 |
|
|
|a 1 online resource (22 pages)
|
| 490 |
1 |
|
|a IMF Staff Country Reports
|
| 500 |
|
|
|a <strong>Off-Campus Access:</strong> No User ID or Password Required
|
| 500 |
|
|
|a <strong>On-Campus Access:</strong> No User ID or Password Required
|
| 506 |
|
|
|a Electronic access restricted to authorized BRAC University faculty, staff and students
|
| 520 |
3 |
|
|a This paper examines Gibraltar's Detailed Assessment Report of the Observance of the Insurance Core Principles. Foreign establishments operating in Gibraltar are all European Union (EU)-based and therefore covered by EU directives, including the directive on freedom of establishment. A key reason for the growth in this sector is the ability of firms licensed in Gibraltar to passport their services to EU member states. The domestic insurance market is, however, quite small with a population in the region of 30,000.
|
| 538 |
|
|
|a Mode of access: Internet
|
| 830 |
|
0 |
|a IMF Staff Country Reports; Country Report ;
|v No. 2007/156
|
| 856 |
4 |
0 |
|z Full text available on IMF
|u http://elibrary.imf.org/view/journals/002/2007/156/002.2007.issue-156-en.xml
|z IMF e-Library
|